000 00552nam a2200217Ia 4500
003 OSt
005 20220928143539.0
006 a|||||r|||| 00| 0
007 ta
008 220927b |||||||| |||| 00| 0 eng d
024 _a22536
037 _cTextual
040 _aSDCL
_cSDCL
_beng
041 _2eng
_aeng
082 _aW:f, N7
100 _aMay Iris-Geva
_9505735
245 0 _aOperational approach to policy analysis
_b The craft
260 _c1997
942 _hW:f, N7
_cTEXL
_2CC
999 _c824529
_d824529